Vrai ou Faux: Histoire de France #2 - Statistiques

Statistiques générales
  • Ce quiz a été pris 27 843 fois
  • Le résultat moyen est 14 sur 20
Statistiques - réponses
Question Réponse % Correct
C'est un français qui mit au point le vaccin contre la rage. Vrai
92%
Napoléon était natif de Corse. Vrai
91%
La bataille de Verdun est une bataille de la Seconde Guerre Mondiale. Faux
90%
La France ne possédait aucune colonie en Amérique du Nord. Faux
86%
En vrai, la Guerre de Cent Ans dura plus de cent ans. Vrai
85%
Les évènements de Mai 68 sont, entre autres, des manifestations estudiantines. Vrai
83%
Maximilien de Robespierre est mort guillotiné. Vrai
81%
François Mitterrand succéda à Valery Giscard d'Estaing. Vrai
80%
Les Accords d'Évian mirent fin à la guerre d'Algérie. Vrai
79%
Saïgon, maintenant Hô-Chi-Minh Ville, était la capitale de l'Indochine française lors de la chute de cette dernière. Vrai
79%
La France remporta la guerre franco-allemande de 1870. Faux
73%
Marseille fut fondée par des Grecs. Vrai
70%
Marie-Antoinette fut exécutée avant Louis XVI. Faux
67%
La Fronde est survenue pendant le règne de Louis XIII. Faux
64%
Les américains débarquèrent à Calais du 5 au 6 juin 1944. Faux
60%
Charles Martel était l'arrière grand-père de Charlemagne. Faux
49%
Hugues Aubriot est connu comme le fondateur de la Bastille. Vrai
44%
Louis Ier était dit "Le Gros". Faux
42%
L'Indochine française se composait de l'actuel Laos, du Viêt Nam, du Cambodge, de la Thaïlande et d'une région chinoise. Faux
40%
Le Cameroun faisait partie de l'Afrique-Occidentale française. Faux
25%
Aucun quiz correspondant
Distribution des résultats
% des personnes avec chaque résultat
Percentile par nombre de réponses
Votre historique - résultats
Vous n’avez pas pris ce quiz